| 000 | 00817cab a2200253 4500 | ||
|---|---|---|---|
| 001 | WB3501-62 | ||
| 008 | 090401t1998 xxu||||| |||| 00| 0 eng d | ||
| 035 | _a(Sirsi) u90452 | ||
| 041 | _aeng | ||
| 245 | _aDelicate balancing act | ||
| 260 | _c1998 | ||
| 350 | _a0 | ||
| 490 |
_aWestern Morning News _v18 December 1998, 10(1) |
||
| 520 | _aA report by the Rural Development Commission suggests that restrictive planning policies designed to protect the rural environment are stifling business development in the countryside. | ||
| 650 | _aBUSINESS DEVELOPMENT | ||
| 650 | _aENVIRONMENTAL PROTECTION | ||
| 650 | _aPLANNING POLICIES | ||
| 650 | _aRURAL AREAS | ||
| 650 | _aRURAL DEVELOPMENT COMMISSION | ||
| 650 | _aRURAL DEVELOPMENT | ||
| 690 | _aRURAL PRACTICE | ||
| 942 | _n0 | ||
| 948 | _c22/12/1998 | ||
| 999 |
_c57353 _d57353 |
||